书目信息 |
| 题名: |
潜伏
|
|
| 作者: | 胡丽英 编著 | |
| 分册: | ||
| 出版信息: | 北京 九州出版社 2009 |
|
| 页数: | 243页 | |
| 开本: | 24cm | |
| 丛书名: | ||
| 单 册: | ||
| 中图分类: | D526 | |
| 科图分类: | ||
| 主题词: | 间谍--情报活动--史料--世界 , 间谍 , 情报活动 | |
| 电子资源: | ||
| ISBN: | 978-7-5108-0148-8 | |
| 000 | 00668nam0 2200241 45 | |
| 001 | 1050802828 | |
| 005 | 20100415105601.28 | |
| 010 | @a978-7-5108-0148-8@dCNY32.00 | |
| 100 | @a20100408d2009 ekmy0chiy0120 ea | |
| 101 | 0 | @achi |
| 102 | @aCN@b110000 | |
| 105 | @ay z 000yy | |
| 106 | @ar | |
| 200 | 1 | @a潜伏@AQian Fu@e世界谍报战@EShi Jie Die Bao Zhan@f胡丽英编著@FHu Li Ying Bian Zhu |
| 210 | @a北京@c九州出版社@d2009 | |
| 215 | @a243页@d24cm | |
| 606 | 0 | @a间谍@x情报活动@j史料@y世界 |
| 606 | 0 | @a间谍 |
| 606 | 0 | @a情报活动 |
| 690 | @aD526@v4 | |
| 701 | 0 | @a胡丽英@AHu Li Ying@4编著 |
| 801 | 0 | @aCN@bTANGWEI@c20100415 |
| 905 | @b0590641-45@dD526@e175@f5 | |
| 潜伏:世界谍报战/胡丽英编著.-北京:九州出版社,2009 |
| 243页;24cm |
| ISBN 978-7-5108-0148-8:CNY32.00 |
| ● |
| 相关链接 |
|
|
|
|
正题名:潜伏
索取号:D526/175
 
预约/预借
| 序号 | 登录号 | 条形码 | 馆藏地/架位号 | 状态 | 备注 |
| 1 | 0590641 | 205906411 | 第一样本阅览室/ [索取号:D526/175] | 在馆 | |
| 2 | 0590642 | 205906420 | 第一借阅区/ [索取号:D526/175] | 在馆 | |
| 3 | 0590643 | 205906439 | 第一借阅区/ [索取号:D526/175] | 在馆 | |
| 4 | 0590644 | 205906448 | 第一借阅区/ [索取号:D526/175] | 在馆 | |
| 5 | 0590645 | 205906457 | 第一借阅区/ [索取号:D526/175] | 在馆 |